000 00959nam a2200205 a 4500
008 120416s1997 ||||||||||||||||| || u
020 _a0750637552
050 _aTK 7871.6 Car
100 _aCarr, Joseph J
245 1 0 _aAntenna toolkit
_cJoseph J. Carr
250 _a1st ed.
260 _aOxford
_bNewnes
_c1997
300 _aix, 215p.:ill.
350 _a0.00
650 _aRADIO--ANTENNAS--DESIGN AND CONSTRUCTION
650 _aANTENNAS
995 _aMAIN LIBRARY OPEN ACCESS
_D0.00
_e735773
_FCBU-MAIN LIBRARY (Kitwe)
_H1
_I20.00
_jTK 7871.6 Car
_M1
_UAVAILABLE
_WMay 19, 2006
_y48580
_ZMain Library Open Access Collection
995 _aMAIN LIBRARY OPEN ACCESS
_D0.00
_e730235
_FCBU-MAIN LIBRARY (Kitwe)
_H2
_I20.00
_jTK 7871.6 Car
_M2
_UAVAILABLE
_y027103
_ZMain Library Open Access Collection
995 _aMAIN LIBRARY OPEN ACCESS
_D0.00
_e737656
_FCBU-MAIN LIBRARY (Kitwe)
_H1
_I0.00
_jTK 7871.6 Car
_M3
_UAVAILABLE
_WFeb 15, 2007
_y53069
_ZMain Library Open Access Collection
999 _c84259
_d84259